000 00580nam a22002177a 4500
003 UA-OsUOA
001 64567
007 ta
008 20091105b un ||||| |||| 00| 0 ukr d
090 _a94(477.85/.87)
_bВ36
942 _cBK
040 _aUA-OsUOA
_bukr
_cUA-OsUOA
_dUA-OsUOA
245 _a"Верховино, мати моя..."
300 _a207 с.
955 _a4
041 _aukr
080 _a94(477.85/.87)
260 _aУжгород
_bФотоальбом
_c1962
650 7 _a9 Географія. Біографії. Історія
_2UDC
999 _c350512
_d350512